000 00480 a2200193 4500
005 20240529105014.0
008 240528b |||||||| |||| 00| 0 eng d
020 _a9788126318513
_cRs. 700.00
040 _aMAIN
082 _a954.029
_bP939B(5)
100 _aPriyamvad
245 _aBharat vibhajan ki antahkatha
250 _a5th
260 _bBharatiya Gyanpeeth
_c2020
_aNew Delhi
300 _a590
650 _aHistory-India
650 _aIndia-History
942 _cBK
999 _c309174
_d309174